Design and Fabrication of Cold Flow Circulating Fluidized Bed system (Record no. 67381)

MARC details
000 -LEADER
fixed length control field 00340nam a22000977a 4500
100 ## - MAIN ENTRY--AUTHOR NAME
Personal name Ahsnanullah Soomro
245 ## - TITLE STATEMENT
Title Design and Fabrication of Cold Flow Circulating Fluidized Bed system
260 ## - PUBLICATION, DISTRIBUTION, ETC. (IMPRINT)
Place of publication Nawabshah
Name of publisher QUEST
Year of publication 63p.
650 ## - SUBJECT ADDED ENTRY--TOPICAL TERM
Topical Term Fabrication
-- Fluidized Bed system
-- Department of Energy and Environment Engineering
942 ## - ADDED ENTRY ELEMENTS (KOHA)
Koha item type Thesis and Dissertation
Holdings
Withdrawn status Lost status Home library Current library Date acquired Accession Number Koha item type
    Research Section Research Section 04/10/2021 EEP/01-07 Thesis and Dissertation
    Research Section Research Section 04/10/2021 EEP/03-07 Thesis and Dissertation